Statistics for South American Geography by Letter "C"

Click here to take the quiz!

General Stats

  • This quiz has been taken 240 times
  • The average score is 8 of 16

Answer Stats

HintAnswer% Correct
A country that borders Argentina.Chile
98%
The capital of Venezuela.Caracas
97%
Country of northern South America.Colombia
96%
The Tropic of _________ runs through South America.Capricorn
87%
Body of water to the north of South America.Caribbean Sea
86%
The dominant religion of South America.Christian
84%
The Atacama Desert has rich deposits of this reddish orange metal.Copper
68%
The capital of French Guiana.Cayenne
49%
This city is recognized as the sports capital of Colombia, as well being famous for its salsa dancing festivals.Cali
43%
The northern bourndary of the Drake Passage, sometimes incorrectly referred to as the southernmost point of South America.Cape Horn
42%
This theory suggests that South America was once connected to Africa.Continental Drift
23%
If you allow for equatorial bulge, this volcano's peak would be considered the furthest point from the center of the Earth.Chimborazo
10%
A large composite volcano in central Ecuador that last erupted in 1940.Cotopaxi
9%
This river that forms part of the boundary between Colombia and Venezuela is famous for its frequent and intense lightning storms.Catatumbo River
1%
The only point located directly on the equator with snow cover is located on this volcano.Cayambe
1%
The most well known and productive wine region of #2.Central Valley
1%

Score Distribution

Percentile by Number Answered

Percent of People with Each Score

Your Score History

You have not taken this quiz